Romans / (Record no. 6799)

MARC details
000 -LEADER
fixed length control field 03214cam a2200733Ii 4500
001 - CONTROL NUMBER
control field 455841
003 - CONTROL NUMBER IDENTIFIER
control field GBCCL
005 - DATE AND TIME OF LATEST TRANSACTION
control field 20241126110612.0
008 - FIXED-LENGTH DATA ELEMENTS--GENERAL INFORMATION
fixed length control field 060615m19702003stk 000 0 eng d
020 ## - INTERNATIONAL STANDARD BOOK NUMBER
International Standard Book Number 9780851514673
Qualifying information (v. 1)
020 ## - INTERNATIONAL STANDARD BOOK NUMBER
International Standard Book Number 0851514677
Qualifying information (v. 1)
020 ## - INTERNATIONAL STANDARD BOOK NUMBER
International Standard Book Number 9780851515458
Qualifying information (v. 2)
020 ## - INTERNATIONAL STANDARD BOOK NUMBER
International Standard Book Number 0851515452
Qualifying information (v. 2)
020 ## - INTERNATIONAL STANDARD BOOK NUMBER
International Standard Book Number 9780851510347
Qualifying information (v. 3)
020 ## - INTERNATIONAL STANDARD BOOK NUMBER
International Standard Book Number 0851510345
Qualifying information (v. 3)
020 ## - INTERNATIONAL STANDARD BOOK NUMBER
International Standard Book Number 9780851510507
Qualifying information (v. 4)
020 ## - INTERNATIONAL STANDARD BOOK NUMBER
International Standard Book Number 0851510507
Qualifying information (v. 4)
020 ## - INTERNATIONAL STANDARD BOOK NUMBER
International Standard Book Number 9780851511580
Qualifying information (v. 5)
020 ## - INTERNATIONAL STANDARD BOOK NUMBER
International Standard Book Number 0851511589
Qualifying information (v. 5)
020 ## - INTERNATIONAL STANDARD BOOK NUMBER
International Standard Book Number 9780851511801
Qualifying information (v. 6)
020 ## - INTERNATIONAL STANDARD BOOK NUMBER
International Standard Book Number 0851511805
Qualifying information (v. 6)
020 ## - INTERNATIONAL STANDARD BOOK NUMBER
International Standard Book Number 9780851512075
Qualifying information (v. 7)
020 ## - INTERNATIONAL STANDARD BOOK NUMBER
International Standard Book Number 0851512070
Qualifying information (v. 7)
020 ## - INTERNATIONAL STANDARD BOOK NUMBER
International Standard Book Number 9780851512310
Qualifying information (v. 8)
020 ## - INTERNATIONAL STANDARD BOOK NUMBER
International Standard Book Number 0851512313
Qualifying information (v. 8)
020 ## - INTERNATIONAL STANDARD BOOK NUMBER
International Standard Book Number 9780851515793
Qualifying information (v. 9)
020 ## - INTERNATIONAL STANDARD BOOK NUMBER
International Standard Book Number 0851515797
Qualifying information (v. 9)
020 ## - INTERNATIONAL STANDARD BOOK NUMBER
International Standard Book Number 9780851517377
Qualifying information (v. 10)
020 ## - INTERNATIONAL STANDARD BOOK NUMBER
International Standard Book Number 0851517374
Qualifying information (v. 10)
020 ## - INTERNATIONAL STANDARD BOOK NUMBER
International Standard Book Number 9780851517483
Qualifying information (v. 11)
020 ## - INTERNATIONAL STANDARD BOOK NUMBER
International Standard Book Number 085151748X
Qualifying information (v. 11)
020 ## - INTERNATIONAL STANDARD BOOK NUMBER
International Standard Book Number 9780851517940
Qualifying information (v. 12)
020 ## - INTERNATIONAL STANDARD BOOK NUMBER
International Standard Book Number 0851517943
Qualifying information (v. 12)
020 ## - INTERNATIONAL STANDARD BOOK NUMBER
International Standard Book Number 9780851518244
Qualifying information (v. 13)
020 ## - INTERNATIONAL STANDARD BOOK NUMBER
International Standard Book Number 0851518249
Qualifying information (v. 13)
020 ## - INTERNATIONAL STANDARD BOOK NUMBER
International Standard Book Number 9780851518497
Qualifying information (v. 14)
020 ## - INTERNATIONAL STANDARD BOOK NUMBER
International Standard Book Number 0851518494
Qualifying information (v. 14)
035 ## - SYSTEM CONTROL NUMBER
System control number (OCoLC)ocm70116553
035 ## - SYSTEM CONTROL NUMBER
System control number (OCoLC)70116553
040 ## - CATALOGING SOURCE
Original cataloging agency PIT
Language of cataloging eng
Description conventions rda
Transcribing agency PIT
Modifying agency BAKER
-- OCLCQ
-- OCLCF
-- TXA
-- OCLCA
-- OCLCQ
-- LBB
049 ## -
-- LBBA
-- 1-14
050 #4 -
-- BS2665.4
-- .L54 1970
082 ## - DEWEY DECIMAL CLASSIFICATION NUMBER
Classification number 227.1077
Item number LLO
090 ## - LOCALLY ASSIGNED LC-TYPE CALL NUMBER (OCLC); LOCAL CALL NUMBER (RLIN)
Classification number (OCLC) (R) ; Classification number, CALL (RLIN) (NR) BS2665.4
Local cutter number (OCLC) ; Book number/undivided call number, CALL (RLIN) .L54 1970
100 1# - MAIN ENTRY--PERSONAL NAME
Personal name Lloyd-Jones, David Martyn,
Relator term author.
9 (RLIN) 3072
245 10 - TITLE STATEMENT
Title Romans /
Statement of responsibility, etc. D.M. Lloyd-Jones.
264 #1 - PRODUCTION, PUBLICATION, DISTRIBUTION, MANUFACTURE, AND COPYRIGHT NOTICE
Place of production, publication, distribution, manufacture Edinburgh :
Name of producer, publisher, distributor, manufacturer Banner of Truth Trust,
Date of production, publication, distribution, manufacture, or copyright notice 1970-2003.
264 #4 - PRODUCTION, PUBLICATION, DISTRIBUTION, MANUFACTURE, AND COPYRIGHT NOTICE
Date of production, publication, distribution, manufacture, or copyright notice 1970-2003
300 ## - PHYSICAL DESCRIPTION
Extent 14 volumes ;
Dimensions 23 cm
336 ## - CONTENT TYPE
Content type term text
Content type code txt
Source rdacontent
337 ## - MEDIA TYPE
Media type term unmediated
Media type code n
Source rdamedia
338 ## - CARRIER TYPE
Carrier type term volume
Carrier type code nc
Source rdacarrier
500 ## - GENERAL NOTE
General note Sermons originally prached at Westminster Chapel.
505 0# - FORMATTED CONTENTS NOTE
Formatted contents note An exposition of chapter I : The Gospel of God -- An exposition of chapters 2:1-3:20 : The righteous judgment of God -- An exposition of chapters 3.20-4.25 : Atonement and justification -- An exposition of chapter 5 : Assurance -- An exposition of chapter 6 : The new man -- An exposition of chapters 7.1-8.4 : The law : its functions and limits -- An exposition of chapter 8:5-17 : The sons of God -- An exposition of chapter 8:17-39 : The final perseverance of the saints -- An exposition of chapter 9 : God's sovereign purpose -- An exposition of chapter 10 : Saving faith -- An exposition of chapter 11 : To God's glory -- An exposition of chapter 12 : Christian conduct -- An exposition of chapter 13 : Life in two kingdoms -- An exposition of chapter 14:1-17 : Liberty and conscience.
630 00 - SUBJECT ADDED ENTRY--UNIFORM TITLE
Uniform title Bible.
Name of part/section of a work Romans
Form subdivision Sermons.
9 (RLIN) 12187
630 00 - SUBJECT ADDED ENTRY--UNIFORM TITLE
Uniform title Bible.
Name of part/section of a work Romans
General subdivision Criticism, interpretation, etc.
9 (RLIN) 4939
630 00 - SUBJECT ADDED ENTRY--UNIFORM TITLE
Uniform title Bible.
Name of part/section of a work Romans
Form subdivision Commentaries.
9 (RLIN) 848
630 07 - SUBJECT ADDED ENTRY--UNIFORM TITLE
Uniform title Bible.
Name of part/section of a work Romans.
Source of heading or term fast
Authority record control number or standard number (OCoLC)fst01892944
9 (RLIN) 3486
655 #7 - INDEX TERM--GENRE/FORM
Genre/form data or focus term Commentaries.
Source of term fast
Authority record control number or standard number (OCoLC)fst01423723
9 (RLIN) 875
655 #7 - INDEX TERM--GENRE/FORM
Genre/form data or focus term Criticism, interpretation, etc.
Source of term fast
Authority record control number or standard number (OCoLC)fst01411635
9 (RLIN) 1372
655 #7 - INDEX TERM--GENRE/FORM
Genre/form data or focus term Sermons.
Source of term fast
Authority record control number or standard number (OCoLC)fst01423904
9 (RLIN) 6402
710 2# - ADDED ENTRY--CORPORATE NAME
Corporate name or jurisdiction name as entry element Banner of Truth Trust,
Relator term issuing body.
9 (RLIN) 6408
942 ## - ADDED ENTRY ELEMENTS (KOHA)
Source of classification or shelving scheme Dewey Decimal Classification
Koha item type Reference Books
Holdings
Withdrawn status Lost status Source of classification or shelving scheme Damaged status Not for loan Home library Current Library Shelving location Date acquired Total checkouts Full call number Barcode Date last seen Copy number Price effective from Koha item type
    Dewey Decimal Classification     GRACE BIBLE COLLEGE GRACE BIBLE COLLEGE Commentary 2018-06-28   227.1077 LLO 005580 2025-05-01 v.6 2018-06-28 Reference Books
    Dewey Decimal Classification     GRACE BIBLE COLLEGE GRACE BIBLE COLLEGE Commentary 2018-06-28   227.1077 LLO 001437 2025-05-01 v.3 2018-06-28 Reference Books
    Dewey Decimal Classification     GRACE BIBLE COLLEGE GRACE BIBLE COLLEGE Commentary 2018-06-28   227.1077 LLO 005612 2025-05-01 v.10 2018-06-28 Reference Books
© Grace Bible College Library 2025